Prison Break Season 1 - Statistics

General Stats
  • This quiz has been taken 551 times
  • The average score is 12 of 18
Answer Stats
Hint Answer % Correct
How many people escaped from the prison 8
95%
Who was the doctor at the prison Sara Tancredi
94%
Who was framed for the murder of the Vice President's brother Lincoln Burrows
92%
What is the name of the prison Fox River
91%
Who was the Mastermind of the scape Michael Scofield
91%
Who is the cellmate of one of the brothers Fernando Sucre
90%
Who lost a hand after escaping prison Theodore Bagwell
86%
Who was the mob boss that was organizing the plane John Abruzzi
83%
Charles Westmoreland is also known as DB Cooper
78%
What famous structure was the warden trying to build Taj Mahal
69%
What is the name of the prison warden Henry Pope
67%
Who was the cellmate that did not sleep Charles Patoshik
63%
Who was the Vice President's brother who faked their death Terrence Steadman
47%
Who was the Vice President Caroline Reynolds
38%
What were the three streets they chose from to escpae English, Fitz, Percy
33%
What got the Mastermind into prison Armed Robbery
25%
Who was the prison doctor's father Frank Tancredi
24%
Who was the mastermind's first wife Nika Volek
7%
No matching quizzes found
Score Distribution
Percent of People with Each Score
Percentile by Number Answered
Your Score History
You have not taken this quiz